| 000 | 00660nam a22002057a 4500 | ||
|---|---|---|---|
| 003 | OSt | ||
| 005 | 20251001030339.0 | ||
| 008 | 251001b |||||||| |||| 00| 0 eng d | ||
| 020 | _a0-13-049484-4. | ||
| 040 |
_aDWC-Main lib _cOC |
||
| 082 | _aCirc. 371.4 G618 c 2007 | ||
| 100 | _aLarry B. Golden | ||
| 245 |
_aCase studies in school counselling/ _cLarry B. Golden |
||
| 260 |
_aN.J. _b--Pearson Education Inc., _cc2007. |
||
| 300 |
_axvi, 238 p. _c ; 23 cm. |
||
| 504 | _aIncludes bibliographical references & index. | ||
| 650 | _aEducational counselling-United States-Case studies | ||
| 700 | _aPatricia Henderson | ||
| 942 |
_2ddc _cBK-CIRC _kCirc. _n0 |
||
| 999 |
_c4592 _d4592 |
||